| 000 | 00754 a2200217 4500 | ||
|---|---|---|---|
| 010 | _aENG-89603 | ||
| 020 |
_a8181573641 _c450.00 |
||
| 035 | _aEN-73136 | ||
| 037 | _bDBAD / PUB | ||
| 082 | 1 | 4 | _a883.08 |
| 090 |
_c11329 _d11329 |
||
| 245 | 1 |
_aA passage to E.M. Forster's novels: _cedited by Yamuna Prasad _ba collection of critical essays/ |
|
| 260 |
_aKolkata _bWriters Workshop _c2005 |
||
| 270 |
_a162/92, Lake Gardens, _bKolkatta _e700 045 |
||
| 300 |
_a293p. _c22 cm ( Hb.) |
||
| 490 | _aA Writers Workshop greybird book | ||
| 500 | _aIncludes bibliographical references | ||
| 700 | _aYamuna Prasad | ||
| 942 |
_adpl _cEN _k883.08 / PAS |
||
| 999 |
_c11022 _d11022 |
||